000 00922nam a2200241Ia 4500
001 9601
003 GE_BSU
008 181216s||||||||xx |||||||||||||| ||und||
040 _cGE_BSU
080 _a821.353.1-32
100 _aმაჩხანელი,დიმიტრი
245 _aსიყვარულის ამბავი
245 _bმოთხრობები
245 _cრედ:გ.ნატროშვილი;წიგნი შეადგინა და წინასიტყვ.დაურთო ქ.ხაჩიაშვილმა;მხატვ:გ.ნარმანია
260 _aთბილისი.
260 _bმერანი
260 _c1974
300 _a331გვ;21სმ
300 _bფოტო.პორტრ.
653 _aმოთხრობები
653 _aსიყვარულის ამბავი
942 _cBK
999 _c42887
_d42887